| 000 | 00634nam a2200217 a 4500 | ||
|---|---|---|---|
| 999 |
_c2974 _d2974 |
||
| 001 | 2974 | ||
| 003 | BD-JhCC | ||
| 005 | 20171108195545.0 | ||
| 008 | 171108s1394 bg |||| ||a| 000 0 ben d | ||
| 035 | _a(BD-JhCC) 2974 | ||
| 040 |
_aBD-JhCC _dBD-JhCC |
||
| 041 | _aben | ||
| 082 |
_a891.4435 _bCHO 1394 |
||
| 100 | _aচৌধুরী, সুচরিত | ||
| 245 |
_aনির্বাচিত গল্প / _cসুচরিত চৌধুরী |
||
| 260 |
_aঢাকা : _bমুক্তধারা , _c1394 |
||
| 300 |
_a228 p .: _c22 cm . |
||
| 650 | _aSelection short stories | ||
| 942 |
_2ddc _cBK |
||